Biblioteca

Vegetales frescos en el desierto (Registro nro. 62657)

Detalles MARC
000 -LÍDER
Campo fijo de descripción fija 008550000a22001330004500
100 1# - ASIENTO PRINCIPAL--NOMBRE PERSONAL
Nombre personal Jeremy, Loiboku
245 10 - TÍTULO
Título del Material Vegetales frescos en el desierto
300 ## - DESCRIPCIÓN FÍSICA
Extensión Vol.0, núm.75 (2008), Páginas 12-13
500 ## - NOTA GENERAL
Nota General Las personas que viven en zonas áridas e infértiles a menudo se enfrentan a la problemática de obtener vegetales y frutas frescas, esenciales para un vida saludable. A veces, puede que las personas tengan el dinero para adquirir estos productos pero éstos podrían no estar disponibles. Cuando sí están disponibles, puede que estén en muy malas condiciones después de haber sido transportados desde su productor hasta el consumidor.
650 14 - ASIENTO SECUNDARIO DE MATERIA - TERMINO TEMÁTICO
Término temático o nombre geográfico como elemento de entrada AGRICULTURA-KENYA
773 0# - HOST ITEM ENTRY
Title Paso a Paso
942 ## - TIPO DE MATERIAL (KOHA)
Tipo de Item KOHA Artículos de Revista
Existencias
Estado de Material Estado de Perdido Estado de Dañado No para Préstamo Colección Biblioteca de Origen Biblioteca Permanente Fecha de Adquisición Total de Préstamos Signatura Topográfica Última vez visto Fecha de Remplazo Tipo de Material
        Colección de Hemeroteca Biblioteca FUSBC Biblioteca FUSBC 26/01/2016   26/01/2016 26/01/2016 Artículos de Revista

Biblioteca FUSBC | Teléfono: (57+4) 349 88 10 Ext. 141| WhatsApp (+57) 3005338115 
E-mail: biblioteca@unisbc.edu.co | Calle 76 87-14 Robledo Palenque, Medellín, Colombia

Con tecnología Koha